000 00427pab a2200145 454500
008 180718b1999 xxu||||| |||| 00| 0 eng d
100 _aLubatkin, Michael H. et al.
245 _aManagerial work and management reform in Senegal: the influence of hierarchy and sector
260 _c1999
300 _ap.240-68
362 _aSep
650 _aManagement
773 _aAmerican Review of Public Administration
909 _a42708
999 _c42708
_d42708